Statystyki dla Kraje od 197 do 205

Kliknij tutaj aby rozwiązać quiz!

Ogólne statystyki

  • Ten quiz został rozwiązany 6 177 razy
  • Średni wynik to 4 z 9

Statystyki odpowiedzi

Pozycja na arenie międzynarodowejLiczba ludnościKraj% Poprawnych
Wolne stowarzyszenie z Danią56,100Grenlandia
80%
Uznawana przez 138 państw członkowskich ONZ5,050,000Palestyna
60%
Wolne stowarzyszenie z Danią52,100Wyspy Owcze
59%
Naród afrykański, uznawany przez 40 członków ONZ567,000Sahara Zachodnia
48%
Wolne stowarzyszenie z Holandią159,000Curaçao
31%
Wolne stowarzyszenie z Holandią112,000Aruba
30%
Wolne stowarzyszenie z Nową Zelandią17,500Wyspy Cooka
22%
Wolne stowarzyszenie z Nową Zelandią1,620Niue
19%
Wolne stowarzyszenie z Holandią41,500Sint Maarten
19%

Rozkład punktacji

Percentyl według liczby udzielonych odpowiedzi

Procent ludzi z każdym wynikiem

Twoja historia wyników

Nie rozwiązałeś tego quizu